00661nam a22001937a 450000500170000001000150001702000240003202000270005603500130008303700130009608200080010924500870011726000450020427000630024930000240031250000530033650000510038970000270044020150902110734.0 aENG-113432 a019945275xc1195.00 a9780199452750c1195.00 aEN-96964 bDBAD/PUB a954 aKey concepts in modern Indian studies /cedited by Gita Dharampal- Frick...[et al] aNew DelhibOxford University Pressc2015 aYMCA Library Building, 1 Jai Singh RoadbNew Delhie110001 axvi,326p.c23cm(Hb) a "Also available as an ebook"--Title page verso. aIncludes bibliographical references and index. aDharampal-Frick, Gita